000 00786nam a2200289 a 4500
001 vtls001192954
003 NLI
005 20210603151052.0
008 120328s1948 enka f001 0 eng d
039 9 _y201203281646
_zVLOAD
040 _a NLI
_b eng
_c Entertech IMP - 2012
_e AACR2
041 0 _aeng
044 _aenk
084 _a132.H.253
100 1 _aPirenne, M. H.
_q(Maurice Henri)
_9626198
245 1 0 _aVision and the eye/
_cby M. H. Pirenne
260 _aLondon:
_bPilot Press ,
_c1948
300 _axx, 187 p. :
_bill. ;
_c19 cm.
650 0 _aPhysiological optics
650 0 _aVision
650 0 _aEye
887 _a
901 _aIMP80076 :
_b23.10.2010
902 _a132.H.253
942 _2ddc
_cBKS
949 _AVIRTUAITEM
_D10000
_X100
_6IMP000080076ENG
999 _c463569
_d463569